000 02018nam a2200337 i 4500
003 OSt
005 20231102110137.0
008 231026t20222022paua jr 000 1 eng d
020 _a9780764364396
_cRM 98.50
_qhardback
040 _aPPAK
_beng
_cPPAK
_erda
082 0 4 _a823.92
_223
090 0 0 _a823.92
_bREG
_dK
100 1 _aRegwan, Sol,
_eauthor.
245 1 0 _aGERALDINE and the Rainbow Machine /
_cWritten by Sol Regwan ; illustrated by Denise Muzzio.
264 1 _aAtglen, Pennsylvania :
_bSchiffer Kids,
_c2022
264 4 _c©2022
300 _a32 unnumbered pages :
_bcolour illustrations ;
_c23 cm
336 _atext
_2rdacontent
336 _astill image
_2rdacontent
337 _aunmediated
_2rdamedia
338 _avolume
_2rdacarrier
490 1 _aGizmo girl ;
_v4.
520 _aEveryone's favorite second grader is back with an all-new invention sure to wow her classmates! Geraldine's latest mission is to unite her class in celebration of their unique differences. When she sees the kids at recess giving the new kid from Pakistan a hard time for being different, she decides it is time for a new invention to help support her new friend. Sorting through her parents' old gadgets and gizmos, she finds exactly what she needs to create the perfect rainbow machine. A spin of the rainbow machine blends all the colors to illustrate the idea of inclusivity. Enthusiasm and imagination go hand in hand as readers learn that science can be found everywhere, and you can be an inventor by simply using everyday objects. Award-winning author of the Gizmo Girl series, Sol Regwan, hopes young readers will identify with Geraldine as problem solver, born leader, and someone they would like to have as a friend.
650 1 0 _aGirls
_vJuvenile fiction
650 0 _aElementary schools
_vJuvenile fiction.
655 0 _aChildren's stories.
655 7 _aPicture books.
_2lcgft
700 1 _aMuzzio, Denise,
_eillustrator
830 0 _aGizmo girl ;
_n4.
942 _2ddc
_cB
999 _c193466
_d193466